Oru Kutayum Kunhupengalum_Malayalam (Record no. 38084)

MARC details
000 -LEADER
fixed length control field 01439nam a22001817a 4500
020 ## - INTERNATIONAL STANDARD BOOK NUMBER
ISBN 96014419559800
082 ## - DEWEY DECIMAL CLASSIFICATION NUMBER
Classification number 920 VAR
100 ## - MAIN ENTRY--AUTHOR NAME
Personal name Muttathu Varkey
245 ## - TITLE STATEMENT
Title Oru Kutayum Kunhupengalum_Malayalam
250 ## - EDITION STATEMENT
Edition statement 1
260 ## - PUBLICATION, DISTRIBUTION, ETC. (IMPRINT)
Name of publisher DC Books
Place of publication Kottayam
Year of publication 2025
300 ## - PHYSICAL DESCRIPTION
Number of Pages Number of pages : 128
520 ## - SUMMARY, ETC.
Summary, etc เดฎเดฒเดฏเดพเดณ เดฌเดพเดฒเดธเดพเดนเดฟเดคเตเดฏเดคเตเดคเดฟเตฝ เดŽเดจเตเดจเตเด‚ เดคเดฟเดณเด™เตเด™เดฟเดจเดฟเตฝเด•เตเด•เตเดจเตเดจ เดฐเดšเดจเดฏเดพเดฃเต 'เด’เดฐเต เด•เตเดŸเดฏเตเด‚ เด•เตเดžเตเดžเตเดชเต†เด™เตเด™เดณเตเด‚'. เดธเตโ€Œเดจเต‡เดนเดจเตเดงเด™เตเด™เดณเตเดŸเต† เดฎเดนเดคเตเดคเตเดตเดคเตเดคเดฟเดฒเต‡เด•เตเด•เต เด•เตเดŸเตเดŸเดฟเด•เดณเต† เด•เตˆเดชเดฟเดŸเดฟเดšเตเดšเดพเดจเดฏเดฟเด•เตเด•เตเดจเตเดจ เดˆ เด•เดฅเดฏเตเด‚ เด‡เดคเดฟเดฒเต† เด•เดฅเดพเดชเดพเดคเตเดฐเด™เตเด™เดณเตเด‚ เด‡เดจเตเดจเตเด‚ เด“เดฐเต‹ เดฎเดจเดธเตเดธเดฟเดฒเตเด‚ เดœเต€เดตเดฟเด•เตเด•เตเดจเตเดจเต. เด•เต‡เดฐเดณเดคเตเดคเดฟเดจเตเดฑเต† เดชเตเดฐเดฟเดฏเดชเตเดชเต†เดŸเตเดŸ เดœเดจเดชเตเดฐเดฟเดฏ เดŽเดดเตเดคเตเดคเตเด•เดพเดฐเดจเดพเดฏเดฟเดฐเตเดจเตเดจ เดฎเตเดŸเตเดŸเดคเตเดคเตเดตเตผเด•เตเด•เดฟเดฏเตเดŸเต† เดฒเดณเดฟเดคเดตเตเด‚ เดธเตเดจเตเดฆเดฐเดตเตเดฎเดพเดฏ เด†เด–เตเดฏเดพเดจเดฐเต€เดคเดฟ เด•เตเดŸเตเดŸเดฟเด•เดณเต†เดฏเตเด‚ เดฎเตเดคเดฟเตผเดตเดฐเต†เดฏเตเด‚ เด’เดฐเตเดชเต‹เดฒเต† เด†เด•เตผเดทเดฟเด•เตเด•เตเด‚.
546 ## - LANGUAGE NOTE
Language note Language : Malayalam
650 ## - SUBJECT ADDED ENTRY--TOPICAL TERM
Topical Term GEN
942 ## - ADDED ENTRY ELEMENTS (KOHA)
Koha item type Text Book
952 ## - LOCATION AND ITEM INFORMATION (KOHA)
Damaged status
Not for loan
Holdings
Withdrawn status Collection code Permanent Location Current Location Date acquired Source of acquisition Cost, normal purchase price Inventory number Full call number Accession Number Price effective from Koha item type
  GENERAL VAST Central Library VAST Central Library 25/11/2025 Dc Bookshop,Thrissur 180.00 000729 920 VAR 38221 17/12/2025 Text Book